000 00321 a2200133 4500
001 76651
082 _a421.52 JON
090 _c39169
_d39169
100 _aJones Daniel
245 _aEnglish Pronouncing Dictionary, 14/e
250 _a14
260 _aUK
_bCambridge University Press
_c1991
300 _axxxii, 576 p.
942 _aNUST-CAE
_k421.52 JON
999 _c311724
_d311724